[Event "FIDE World Cup 2017"]
[Site "Tbilisi"]
[Date "2017.09.07"]
[Round "2.2"]
[White "Giri, Anish"]
[Black "Motylev, Alexander"]
[Result "1/2-1/2"]
[WhiteElo "2777"]
[BlackElo "2668"]
[Annotator "TA"]
[PlyCount "92"]
[EventDate "2017.??.??"]
[EventType "k.o."]
[EventCountry "GEO"]
[SourceTitle "playchess.com"]
[Source "ChessBase"]
[SourceQuality "1"]

{[%evp 20,92,29,29,41,10,81,86,72,27,27,21,24,30,53,55,44,27,54,7,29,24,18,21,32,21,27,12,10,9,8,7,10,0,0,0,0,0,0,0,17,17,17,17,17,15,15,15,23,8,12,9,22,8,15,0,15,0,0,0,0,0,0,0,0,0,0,0,0,0,0,0,0,0,0]} 1. e4 e5 2. Nf3 Nf6 3. Nxe5 d6 4. Nf3 Nxe4 5. Nc3 Nxc3 6. dxc3 Be7 7. Be3 O-O 8. Qd2 {C42: Petroff Defence: 3 Nxe5 and unusual White 3rd moves} Nd7 9. O-O-O Nf6 10. Bd3 c5 11. Rhe1 {LiveBook: 3 Games} Be6 12. Bg5 Qa5 $146 (12... d5 $11 {keeps the balance.}) ({Predecessor:} 12... h6 13. Bxh6 c4 14. Bxg7 cxd3 15. Qg5 Ne4 {1-0 (62) Karjakin,S (2779)-Harikrishna,P (2763) Shamkir 2016}) 13. a3 $16 Rfe8 14. Bxf6 Bxf6 15. Ng5 Bxg5 $1 16. Qxg5 h6 17. Qf4 d5 18. g4 Qd8 19. Be2 (19. Bb5 $5 {[%cal Rb5e8]} Rf8 20. Be2 $11) 19... Qg5 20. Qxg5 hxg5 21. Bf3 Kf8 $1 22. Bxd5 Bxg4 23. Rxe8+ Rxe8 $14 {[%mdl 4096] Endgame KRB-KRB} 24. Rg1 Bf5 25. Rxg5 g6 26. Bc4 Re1+ 27. Kd2 Rh1 28. Bd3 Rxh2 29. Ke3 Rh3+ 30. f3 Bxd3 31. cxd3 $11 {KR-KR} b6 32. b4 cxb4 33. axb4 Ke7 34. b5 Rh1 {The position is equal.} 35. c4 Re1+ 36. Kf4 {[#] And now Re5+ would win.} (36. Kd4 $5 {[%cal Rg5e5]} Ke6 37. Rg2 $14) 36... Ke6 37. Rg2 {White wants to play Ra2.} Ra1 38. Re2+ Kd6 39. Kg5 a6 40. bxa6 Rxa6 41. Kf6 Ra5 42. Kxf7 Rf5+ 43. Kxg6 Rxf3 44. d4 Rc3 45. c5+ bxc5 46. dxc5+ Rxc5 {Precision: White = 53%, Black = 63%.} 1/2-1/2

[Event "FIDE World Cup 2017"]
[Site "Tbilisi"]
[Date "2017.09.07"]
[Round "2.2"]
[White "Ding, Liren"]
[Black "Kravtsiv, Martyn"]
[Result "1/2-1/2"]
[WhiteElo "2771"]
[BlackElo "2670"]
[Annotator "TA"]
[PlyCount "118"]
[EventDate "2017.??.??"]
[EventType "k.o."]
[EventCountry "GEO"]
[SourceTitle "playchess.com"]
[Source "ChessBase"]
[SourceQuality "1"]

{[%evp 19,118,7,7,6,0,1,1,7,11,7,9,1,0,0,0,0,0,0,0,0,0,0,0,0,77,46,66,48,58,60,104,60,76,0,0,0,0,0,32,40,89,83,91,77,83,85,70,60,58,68,55,62,59,57,80,80,99,89,100,100,99,91,86,87,102,82,83,87,108,93,108,108,108,108,108,108,108,100,93,98,93,29,38,0,12,0,0,0,0,0,0,0,0,0,0,0,0,0,0,0,0]} 1. c4 e6 2. Nc3 d5 3. d4 Nf6 4. cxd5 Nxd5 5. e4 Nxc3 6. bxc3 c5 7. Rb1 Be7 {D35: Queen's Gambit Declined: Exchange Variation} 8. Nf3 O-O 9. Bc4 Nc6 10. O-O b6 {LiveBook: 5 Games} 11. d5 (11. Be3 cxd4 12. cxd4 Bb7 13. Qe2 Rc8 14. Rfd1 Qc7 15. d5 exd5 16. exd5 {0-1 (55) Navara,D (2737)-Dominguez Perez,L (2739) Saint Louis 2017}) 11... Na5 12. Bd3 $1 c4 13. Bc2 $1 exd5 14. exd5 Bb7 15. Re1 Qd6 $146 16. Ne5 Qxd5 {[%csl Gb7][%cal Rd5g2]} 17. Qg4 $1 Rad8 18. Qh3 $40 {[%csl Gc2][%cal Rh3h7][%mdl 128] White attacks.} f5 19. Bf4 Bc8 20. g4 Bf6 ({Much less strong is} 20... Bb7 21. f3 $17) 21. Rbd1 Qb5 (21... Qc5 $11 22. Rxd8 Rxd8) 22. Rxd8 $16 Rxd8 23. gxf5 Bb7 24. Ng4 Qd5 {[%csl Gb7][%cal Rd5h1]} 25. Nxf6+ gxf6 {[%csl Gb7][%cal Rd5h1]} 26. f3 (26. Kf1 $16 Qf3 27. Qg3+ Qxg3 28. fxg3 (28. hxg3 Nc6 $14)) 26... Qxf3 $11 27. Qxf3 Bxf3 28. Kf2 Bc6 29. Bh6 Kh8 30. Re6 Bd5 31. Rxf6 Kg8 32. Kg3 Nb7 33. Be3 Nd6 $1 34. Bd4 Ne4+ 35. Bxe4 $1 Bxe4 $14 {[%mdl 4096] Endgame KRB-KRB} 36. Kf4 Bd5 37. a3 Rd7 38. h4 Rd8 39. h5 Bb7 40. Re6 {And now Re7 would win.} Kf7 41. a4 Rd5 42. Re1 Bc8 {[#]} 43. Be5 $1 Rd2 {[#]} 44. Bd4 $1 Rh2 45. f6 {Black must now prevent Re7+.} Be6 46. Kg5 Ra2 47. Rg1 Rxa4 48. Kf4 Kf8 49. Rg7 {[%mdl 1024] White has strong compensation.} h6 50. Rb7 (50. Rh7 $16) 50... Ra1 $11 51. Be3 (51. Ke5 $5 {[%cal Re5e6]} Bg4 52. Be3 $14) 51... Ra5 {The position is equal.} 52. Bd4 Rf5+ 53. Ke3 Rxh5 54. Rxa7 b5 55. Rc7 Rg5 56. Kf4 Kg8 57. Rb7 Rf5+ 58. Ke4 Rg5 59. Kf4 Rf5+ {Precision: White = 84%, Black = 74%.} 1/2-1/2

[Event "FIDE World Cup 2017"]
[Site "Tbilisi"]
[Date "2017.09.07"]
[Round "2.2"]
[White "Li, Chao b"]
[Black "Sevian, Samuel"]
[Result "1/2-1/2"]
[WhiteElo "2745"]
[BlackElo "2610"]
[Annotator "TA"]
[PlyCount "41"]
[EventDate "2017.??.??"]
[EventType "k.o."]
[EventCountry "GEO"]
[SourceTitle "playchess.com"]
[Source "ChessBase"]
[SourceQuality "1"]

{[%evp 20,41,37,12,11,14,33,33,25,24,22,29,31,24,12,16,22,26,33,30,23,29,25,14]} 1. d4 d5 2. c4 c6 3. Nf3 Nf6 4. Qc2 dxc4 5. Qxc4 Bf5 6. g3 e6 7. Bg2 Nbd7 8. O-O Nb6 9. Qb3 Qd5 10. Nbd2 {D23: Queen's Gambit Accepted: 3 Nf3 Nf6 sidelines} Be7 11. e3 {LiveBook: 7 Games} Qxb3 12. Nxb3 {The position is equal.} Be4 13. Ne5 $146 ({Predecessor:} 13. Na5 Rb8 14. Bd2 O-O 15. Rfc1 Rfc8 16. Ne5 Bxg2 17. Kxg2 Kf8 {½-½ (96) Ponomariov,R (2733)-Akopian,V (2694) Astrakhan 2010}) 13... Bxg2 14. Kxg2 Nfd7 15. Nd3 Nc4 16. Bd2 Nxd2 17. Nxd2 c5 18. dxc5 Nxc5 19. Nxc5 Bxc5 20. Rac1 Bb6 21. Nc4 1/2-1/2

[Event "FIDE World Cup 2017"]
[Site "Tbilisi"]
[Date "2017.09.07"]
[Round "2.2"]
[White "Radjabov, Teimour"]
[Black "Artemiev, Vladislav"]
[Result "1/2-1/2"]
[WhiteElo "2742"]
[BlackElo "2692"]
[Annotator "TA"]
[PlyCount "31"]
[EventDate "2017.??.??"]
[EventType "k.o."]
[EventCountry "GEO"]
[SourceTitle "playchess.com"]
[Source "ChessBase"]
[SourceQuality "1"]

{[%evp 15,31,10,29,28,52,40,48,42,51,57,65,41,34,48,27,54,29,0]} 1. e4 c5 2. Nf3 e6 3. d4 cxd4 4. Nxd4 Nc6 5. Nc3 a6 6. Nxc6 bxc6 7. Bd3 Qc7 8. Qe2 {B46: Sicilian: Taimanov: 5 Nc3 a6} Bd6 {LiveBook: 3 Games} 9. Qg4 Kf8 $146 ({Find the theoretical novelty and annotate with similar games:} 9... Ne7 10. Qxg7 Rg8 11. Qxh7 Be5 12. Qh5 Rxg2 13. Ne2 d5 14. f4 Bd6 15. Bd2 Rb8 {1-0 (30) Kramnik,V (2807)-Timman,J (2594) Wijk aan Zee 2003}) 10. f4 {White is slightly better.} Nf6 11. Qf3 e5 {[%cal Re5f4]} 12. O-O exf4 13. Bxf4 Bxf4 14. Qxf4 Qxf4 15. Rxf4 {Hoping for e5.} d6 16. h3 (16. e5 $5 dxe5 17. Rc4 $14) 1/2-1/2

[Event "FIDE World Cup 2017"]
[Site "Tbilisi"]
[Date "2017.09.07"]
[Round "2.2"]
[White "Nepomniachtchi, Ian"]
[Black "Adhiban, B."]
[Result "1/2-1/2"]
[WhiteElo "2741"]
[BlackElo "2670"]
[Annotator "TA"]
[PlyCount "126"]
[EventDate "2017.??.??"]
[EventType "k.o."]
[EventCountry "GEO"]
[SourceTitle "playchess.com"]
[Source "ChessBase"]
[SourceQuality "1"]

{[%evp 11,126,35,40,28,18,19,21,23,21,15,33,0,0,0,0,-14,-8,-16,-11,-33,-33,-38,-39,-38,13,-95,-93,-94,-94,-94,-89,-94,-110,-99,-57,-70,-68,-150,-27,-123,-128,-123,-127,-122,-118,-148,-68,-176,-168,-176,-170,-178,-170,-240,-240,-240,-183,-185,-185,-185,-185,-185,-190,-190,-185,-189,-185,-191,0,-185,0,-185,-185,-266,-266,-357,-334,-302,-266,-252,0,-298,-19,-19,0,0,0,0,0,0,0,0,0,0,0,-8,0,0,0,0,0,0,0,0,0,0,0,0,0,0,0,0,0,0,0,0,0]} 1. c4 Nf6 2. Nc3 g6 3. e4 e5 4. Nf3 Nc6 5. d4 exd4 6. Nxd4 {A28: English Opening: Four Knights Variation} Bg7 {LiveBook: 10 Games} 7. Nxc6 dxc6 8. Qxd8+ Kxd8 9. Bf4 (9. e5 Nd7 10. f4 f6 11. c5 Re8 12. Be3 fxe5 {0-1 (37) Grigoryan,K (2596)-Howell,D (2663) Jerusalem 2015}) 9... Be6 $146 ({Find the theoretical novelty and annotate with similar games:} 9... Re8 10. f3 Be6 11. Be2 Nd7 12. Rc1 Bd4 {1-0 (36) Christiansen,L (2560)-Rahls,P (2230) Germany 1994}) 10. O-O-O+ Nd7 11. Be2 (11. Kc2 {feels hotter.} Kc8 12. Be3 b6 13. f4 Re8 14. Be2) 11... Bxc3 12. bxc3 Kc8 13. Rd2 a5 14. Be3 h5 15. Rhd1 a4 $1 16. f4 Ra5 17. h3 c5 (17... Nc5 $15) 18. g4 (18. Bf2 $11) 18... hxg4 $17 19. hxg4 {And now f5 would win.} Nb6 $1 20. f5 Nxc4 21. Bxc4 Bxc4 22. Bf4 Ra6 23. Rd7 Rc6 $1 24. Re7 (24. e5 $1 $15 gxf5 25. gxf5) 24... Rd8 ({Black should try} 24... Bxa2 $17 {Threatens to win with ...Bb3.} 25. Rdd7 a3) 25. fxg6 (25. e5 $1 $11 {remains equal.}) 25... Rxd1+ 26. Kxd1 fxg6 $11 {[%mdl 4096] Endgame KRB-KRB} 27. a3 b5 {[%cal Bb7b5,Bb5b4][%mdl 32]} 28. Kd2 {[#]} Kb7 (28... b4 $1 $17 {[%cal Rb4a3][%mdl 512]} 29. cxb4 (29. axb4 cxb4) 29... cxb4 30. axb4 a3) 29. g5 {[#]} (29. Re5 $15) 29... b4 $1 $19 {[%cal Rb4a3][%mdl 512]} 30. cxb4 (30. axb4 a3) 30... cxb4 31. axb4 a3 {[%cal Ba4a3,Ba3a2][%mdl 32]} 32. Re5 {[#]} (32. Be5 {is a better defense.}) 32... a2 $1 33. Ra5 Bb3 34. Kd3 Bc2+ 35. Ke3 {[#]} Bb1 $1 36. Be5 Rc4 37. Bd4 Rxb4 38. e5 Rb3+ 39. Kf4 Rb4 40. Ke3 Rb3+ 41. Kf4 $1 Rh3 42. Bf2 (42. Ba1 $142) 42... Rh8 43. Bc5 Rh4+ 44. Kf3 Rh3+ 45. Kf4 Rh4+ 46. Kf3 {and the idea e6 leaves White hopeful.} Rh1 $2 ({Black should play} 46... Rc4 $19 {aiming for ...Rxc5.} 47. Be3 Re4) 47. e6 $1 $11 {The position is equal.} Re1 48. Be3 {Black must now prevent e7.} Rf1+ (48... Kc6 $5 49. Ra6+ $8 Kb5 $11) 49. Bf2 $1 {[#]} Be4+ $1 {[%mdl 512]} 50. Kxe4 Rxf2 {KR-KR} 51. Kd3 Rf5 52. Rxa2 Re5 53. Rf2 ({Don't blunder} 53. Re2 $2 Rxe2 54. Kxe2 Kc6 $19) 53... Rxe6 54. Rf6 Rb6 55. Ke4 Kc8 56. Ke5 Rb5+ 57. Kf4 Rb6 58. Ke5 Kd7 {Hoping for ...Ke7.} 59. Rxb6 cxb6 60. Kf6 b5 {[%cal Bb6b5,Bb5b4,Bb4b3,Bb3b2][%mdl 32]} 61. Kxg6 b4 {( -> ...b3)} 62. Kf7 b3 {...b2 is the strong threat.} 63. g6 b2 {Precision: White = 56%, Black = 60%.} 1/2-1/2

[Event "FIDE World Cup 2017"]
[Site "Tbilisi"]
[Date "2017.09.07"]
[Round "2.2"]
[White "Wojtaszek, Radoslaw"]
[Black "Onischuk, Alexander"]
[Result "1/2-1/2"]
[WhiteElo "2739"]
[BlackElo "2682"]
[Annotator "TA"]
[PlyCount "103"]
[EventDate "2017.??.??"]
[EventType "k.o."]
[EventCountry "GEO"]
[SourceTitle "playchess.com"]
[Source "ChessBase"]
[SourceQuality "1"]

{[%evp 21,103,24,35,19,12,6,12,6,13,4,19,0,0,0,13,6,38,31,38,37,33,34,36,33,36,42,55,52,55,46,48,48,53,50,53,55,89,37,86,95,102,123,116,90,102,0,0,0,8,0,33,41,72,76,79,87,81,66,68,0,0,0,7,0,0,0,0,0,0,0,0,0,0,0,0,0,0,0,0,0,0,0,0,0]} 1. d4 Nf6 2. c4 e6 3. Nc3 d5 4. cxd5 exd5 5. Bg5 c6 6. e3 Be7 7. Bd3 Nbd7 {[%cal Bb8d7,Bd7b6,Bb6c4][%mdl 32]} 8. Qc2 Nh5 9. Bxe7 Qxe7 10. O-O-O {[%cal Be1c1,Bc1b1,Bb1a1][%mdl 32]} Nb6 11. h3 {D36: Queen's Gambit Declined: Exchange Variation: Main line (5 Bg5 c6 6 Qc2)} Be6 {LiveBook: 3 Games} (11... g6 12. Nf3 Be6 13. Kb1 O-O-O 14. Nd2 Ng7 15. g4 Kb8 16. Nb3 h5 17. f3 Bc8 18. Qf2 hxg4 19. hxg4 Ne6 20. f4 {0-1 (75) Nakamura,H (2793)-Onischuk,A (2667) Saint Louis 2017}) 12. Nge2 O-O-O 13. Kb1 $146 ({Predecessor:} 13. g4 Nf6 14. Nf4 g5 15. Nxe6 fxe6 16. Ne2 h5 17. f4 Rdg8 18. fxg5 Rxg5 19. Nf4 Rh6 20. Bg6 Nc4 21. Rde1 hxg4 {0-1 (32) Mastrovasilis,A (2554)-Malikentzos,S (2314) Athens 2014}) 13... Kb8 14. a4 (14. g4 $5 {[%cal Rg4h5]} Nf6 15. g5 $11) 14... Qb4 15. Nc1 Nc4 16. Ka1 (16. Bxc4 $5 dxc4 17. N1e2 $11) 16... Nf6 17. N3a2 Qe7 18. e4 {[%cal Be3e4,Be4e5][%mdl 32]} g6 19. Rhe1 Rhe8 20. f4 Qc7 21. e5 $1 {Hoping for b3.} Nh5 22. Qf2 f5 23. Nb3 Ng7 24. Rc1 Bg8 25. Nc5 Ne6 26. Nxe6 Bxe6 27. b3 Na5 28. Rc3 Qe7 29. Rb1 (29. Kb2 $16) 29... Rc8 30. Qd2 c5 31. Bb5 c4 32. bxc4 Nxc4 33. Bxc4 (33. Rxc4 $16 dxc4 34. Bxe8 Qxe8 35. Nc3) 33... dxc4 $11 34. d5 Qd7 $36 {[%mdl 2048] Black fights for an advantage.} 35. d6 Rc5 {[%cal Bc8c5,Bc5d5,Bd5d3][%mdl 32]} (35... g5 $5) 36. Ra3 Rd5 37. Qb4 Rc8 38. Nc3 Rd3 39. Ra2 Qc6 40. Rab2 (40. h4 $14) 40... b6 {The position is equal.} 41. a5 {[%cal Ba4a5,Ba5b6,Bb6a7][%mdl 32]} (41. Qa5 $5 {[%cal Rb2b6]} Kb7 42. Rb5 $11) 41... Qc5 42. axb6 Qxb4 43. bxa7+ $1 Ka8 44. Rxb4 Rxc3 {[#]} 45. d7 $1 {[%mdl 512]} Bxd7 {Threatens to win with ...Rc7.} 46. Rb8+ Kxa7 47. R8b7+ Ka6 {aiming for ...Bc6.} 48. Rxd7 Rc5 49. Rd6+ Ka7 50. Rd7+ Ka6 51. Rd6+ Ka7 52. Rd7+ {Precision: White = 71%, Black = 61%.} 1/2-1/2

[Event "FIDE World Cup 2017"]
[Site "Tbilisi"]
[Date "2017.09.07"]
[Round "2.2"]
[White "Adams, Michael"]
[Black "Rodshtein, Maxim"]
[Result "0-1"]
[WhiteElo "2738"]
[BlackElo "2695"]
[Annotator "TA"]
[PlyCount "126"]
[EventDate "2017.??.??"]
[EventType "k.o."]
[EventCountry "GEO"]
[SourceTitle "playchess.com"]
[Source "ChessBase"]
[SourceQuality "1"]

{[%evp 16,126,31,26,29,35,30,30,50,36,34,33,68,62,73,68,75,53,46,47,31,33,54,28,41,19,26,6,27,14,39,37,27,22,21,22,29,21,37,0,0,0,0,0,0,0,0,0,16,10,21,0,0,0,0,0,0,-18,-16,-53,-66,-64,-36,-53,-39,-53,-22,-22,-20,-31,-20,-70,-52,-53,-44,-64,-58,-60,-67,-201,-186,-1369,-807,-986,-968,-878,-760,-511,-451,-12821,-1420,-12838,-12839,-12839,-12839,-12841,-12841,-12842,-12841,-12841,-12842,-12845,-12842,-12843,-12843,-12843,-12843,-12843,-12844,-29985,-12846,-29990,-12847]} 1. e4 e5 2. Nf3 Nc6 3. Bb5 Nf6 4. d3 Bc5 5. Bxc6 dxc6 6. O-O Bg4 7. h3 Bxf3 8. Qxf3 O-O {C65: Ruy Lopez: Berlin Defence (3...Nf6), unusual lines and 4 0-0 Bc5} 9. Nd2 {LiveBook: 3 Games} Re8 10. Nc4 Nd7 {White is slightly better.} 11. Bd2 $146 ({Predecessor:} 11. Qg3 f6 12. Be3 Bxe3 13. Nxe3 Nf8 {½-½ (23) Predojevic,B (2652)-Neubauer,M (2452) Rijeka 2009}) 11... Re6 12. g3 b5 13. Ne3 Bf8 14. a4 a6 15. Ra2 Nc5 16. axb5 axb5 17. Rfa1 Rxa2 18. Rxa2 Re8 19. Kg2 Ne6 20. Nf5 c5 21. Ra5 Qd7 (21... g6 $5 {[%cal Rg6f5]}) 22. Bc3 f6 23. b3 c6 24. h4 g6 25. Ne3 {Ng4 is the strong threat.} Bg7 26. Qg4 Rf8 27. Kg1 Qf7 28. Ra6 f5 29. exf5 gxf5 30. Qe2 Qb7 31. Ra2 Nd4 32. Bxd4 cxd4 33. Nf1 c5 34. Nd2 Bh6 35. Ra1 Qg7 36. Kh2 {[#]} e4 $1 {[%mdl 512]} 37. Rf1 (37. dxe4 d3) 37... e3 38. Nf3 Kh8 {aiming for ...f4.} 39. fxe3 dxe3 40. Ng1 Rg8 41. Qf3 Qc3 42. Qe2 {[#]} f4 $1 $36 {[%mdl 2560] Black fights for an advantage.} 43. g4 (43. gxf4 Qg7) 43... f3 44. Nxf3 Rxg4 45. Kh3 $1 {[%cal Rh3g4]} Rg8 $1 {Strongly threatening ...Qg7.} 46. Rg1 Rf8 {White must now prevent ...Qf6.} 47. Rg4 (47. Ng5 $15 Bxg5 48. Rxg5) 47... Qf6 $19 48. Ng5 $2 (48. Ng1) 48... Qf2 49. Rg2 {[#]} Bxg5 $1 {[%csl Gg5][%cal Rf2h4][%mdl 512]} 50. Rxf2 (50. Rxg5 Qxe2) 50... exf2 {[%mdl 4096] Endgame KQ-KRB} 51. Qf1 Be3 52. b4 (52. c3 $142 Rg8 53. Qh1) 52... cxb4 53. Qa1+ Kg8 54. Qf1 h5 55. Kh2 Kh7 56. Kh3 Rf4 57. d4 Bxd4 58. Kg2 Kh8 59. Kh3 Rf6 60. Kh2 Rf8 61. Kh3 Rf4 62. Kg2 Rg4+ 63. Kh2 Be5+ {Precision: White = 36%, Black = 69%.} (63... Rg1 $142 64. Qxb5 f1=N+ 65. Qxf1 Rxf1 66. Kh3 Rf2 67. Kg3 Ba7 68. c3 bxc3 69. Kh3 c2 70. Kg3 c1=Q 71. Kh3 Qe3#) 0-1

[Event "FIDE World Cup 2017"]
[Site "Tbilisi"]
[Date "2017.09.07"]
[Round "2.2"]
[White "Gelfand, Boris"]
[Black "Wang, Hao"]
[Result "1/2-1/2"]
[WhiteElo "2737"]
[BlackElo "2701"]
[Annotator "TA"]
[PlyCount "85"]
[EventDate "2017.??.??"]
[EventType "k.o."]
[EventCountry "GEO"]
[SourceTitle "playchess.com"]
[Source "ChessBase"]
[SourceQuality "1"]

{[%evp 24,85,19,17,13,10,22,13,41,33,43,10,17,8,8,3,3,0,1,9,26,0,0,0,0,-1,0,0,0,-9,-18,-10,-19,-36,56,58,26,14,81,81,81,81,82,71,84,88,97,104,90,111,105,87,83,96,118,118,125,118,118,116,118,66,85,0]} 1. c4 Nf6 2. Nf3 e6 3. g3 d5 4. d4 Be7 5. Bg2 O-O 6. O-O dxc4 7. Qc2 a6 8. a4 Bd7 9. Bg5 {E05: Open Catalan: 5 Nf3 Be7} Bc6 10. Rd1 Nbd7 11. Nbd2 h6 12. Bxf6 Nxf6 13. Nxc4 {[#] LiveBook: 4 Games} Rc8 $146 ({Find the theoretical novelty and annotate with similar games:} 13... Be4 14. Qc1 a5 15. Nfe5 Bxg2 16. Kxg2 c6 {1-0 (52) Gelfand,B (2724)-Harikrishna,P (2750) Moscow 2017}) 14. Nfe5 Bxg2 15. Kxg2 Nd5 16. e4 Nb4 17. Qe2 Qe8 18. b3 Rd8 19. Rac1 f6 20. Nf3 Qh5 21. Ne3 c6 22. Qc4 (22. d5 $5 cxd5 23. exd5 $11) 22... Qf7 23. a5 Bd6 24. Ra1 f5 25. exf5 Nd5 26. Nh4 {[%cal Bf3h4,Bh4g6,Bg6e5,Be5g4][%mdl 32]} g5 27. Ng6 Rfe8 28. Ng4 Kg7 (28... Kh7 $1 $15 29. N6e5 Qxf5) 29. f6+ $1 $14 Nxf6 ({But not} 29... Kxg6 $2 30. Qd3+ Kh5 31. Ne5 $18) 30. N6e5 $36 {[%mdl 2048] White has some pressure.} Qg8 {[#]} (30... Qe7 $11 {remains equal.}) 31. Nxf6 $1 $16 Kxf6 32. Ng4+ Ke7 33. Nxh6 Qh7 {Hoping for ...Rh8.} 34. Ng4 Rh8 35. Qe2 {Strongly threatening d5.} Qf5 36. Rd3 Rhf8 37. Kg1 Kd7 38. Ne5+ Bxe5 39. dxe5+ Kc7 40. Rad1 Rd5 41. Qe3 Kb8 42. b4 ({Better is} 42. Rxd5 $16 {Intending Rd8+ and mate.} cxd5 43. Rd4) 42... Rh8 43. f3 {Precision: White = 63%, Black = 69%.} (43. R1d2 $16) 1/2-1/2

[Event "FIDE World Cup 2017"]
[Site "Tbilisi"]
[Date "2017.09.07"]
[Round "2.2"]
[White "Ivanchuk, Vassily"]
[Black "Duda, Jan-Krzysztof"]
[Result "1/2-1/2"]
[WhiteElo "2727"]
[BlackElo "2698"]
[Annotator "TA"]
[PlyCount "34"]
[EventDate "2017.??.??"]
[EventType "k.o."]
[EventCountry "GEO"]
[SourceTitle "playchess.com"]
[Source "ChessBase"]
[SourceQuality "1"]

{[%evp 25,34,0,13,0,-7,-9,0,0,0,-17,0]} 1. Nf3 d5 2. d4 Nf6 3. c4 c6 4. e3 e6 5. Nc3 Nbd7 6. Qc2 Bd6 7. b3 O-O 8. Be2 b6 9. O-O Bb7 10. Bb2 Qe7 11. Rad1 Rad8 12. Rfe1 Rfe8 13. h3 {D45: Semi-Slav: 5 e3} (13. g3 c5 14. cxd5 exd5 15. Bf1 Nf8 16. Bg2 Ne6 17. dxc5 bxc5 18. Nh4 Bb8 19. Nf5 Qd7 20. Na4 d4 {1-0 (37) Le,Q (2739)-Navara,D (2737) Saint Louis 2017}) 13... h6 {LiveBook: 4 Games. The position is equal.} 14. Qb1 Bb4 $146 ({Predecessor:} 14... c5 15. cxd5 exd5 16. Bf1 Qe6 17. Bd3 Ne4 18. dxc5 bxc5 19. Nxe4 dxe4 20. Bc4 Qe7 21. Nh4 Be5 22. Ng6 Qg5 23. Nxe5 {½-½ (23) Barnaure,V (2474)-Colovic,A (2477) France 2007}) 15. Rf1 Bd6 16. Rfe1 Bb4 17. Rf1 Bd6 1/2-1/2

[Event "FIDE World Cup 2017"]
[Site "Tbilisi"]
[Date "2017.09.07"]
[Round "2.2"]
[White "Vallejo Pons, Francisco"]
[Black "Tomashevsky, Evgeny"]
[Result "1-0"]
[WhiteElo "2717"]
[BlackElo "2710"]
[Annotator "TA"]
[PlyCount "75"]
[EventDate "2017.??.??"]
[EventType "k.o."]
[EventCountry "GEO"]
[SourceTitle "playchess.com"]
[Source "ChessBase"]
[SourceQuality "1"]

{[%evp 23,75,1,0,-6,-8,-4,14,-1,30,20,24,34,31,33,41,23,29,6,29,17,16,0,72,63,72,73,73,72,61,61,72,75,95,81,90,93,115,119,158,161,197,204,189,163,175,165,180,166,297,294,352,335,337,332]} 1. e4 e5 2. Nf3 Nc6 3. Bb5 a6 4. Ba4 Nf6 5. O-O Be7 6. Qe2 b5 7. Bb3 O-O 8. d4 d6 9. c3 Bg4 10. Rd1 Qc8 11. h3 Bh5 {C86: Closed Ruy Lopez: Worrall Attack} 12. Bg5 Rb8 {LiveBook: 3 Games} 13. d5 $146 ({Find the theoretical novelty and annotate with similar games:} 13. a4 h6 14. Bh4 b4 15. Bc4 Na5 16. dxe5 dxe5 17. Nbd2 Nxc4 18. Nxc4 bxc3 19. bxc3 Bxf3 20. Qxf3 {0-1 (91) Artemiev,V (2652)-Ponkratov,P (2610) Izhevsk 2014}) 13... Na5 {The position is equal.} 14. Bxf6 Bxf6 15. Nbd2 Bg5 16. g4 Bxd2 17. Nxd2 Bg6 $1 18. Nf1 f6 19. f3 Be8 20. Ne3 Bd7 21. Kh2 Qb7 22. Bc2 b4 (22... Nc4 $11) 23. Rab1 $16 b3 24. axb3 Nxb3 25. Bxb3 Qxb3 26. Qxa6 Bb5 27. Qa5 $1 Be2 {[#]} 28. Rd2 $1 {[%cal Rd2e2]} Bxf3 29. Qxc7 Bxe4 30. Ra1 Bg6 31. Qxd6 Rfd8 32. Qe7 $40 {[%mdl 128] Black must now prevent Ra7. White is out for blood.} Re8 33. Qa3 Qb6 {[#]} 34. Qa7 $1 Qd6 35. Ra6 Qf8 (35... Re7 {was worth a try.} 36. Rxd6 Rxa7) 36. d6 $18 {[%cal Bd5d6,Bd6d7][%mdl 32]} Be4 37. d7 Red8 {Threatens to win with ...Rb7.} 38. Qc7 {Precision: White = 72%, Black = 47%.} 1-0

[Event "FIDE World Cup 2017"]
[Site "Tbilisi"]
[Date "2017.09.07"]
[Round "2.2"]
[White "Bu, Xiangzhi"]
[Black "Bacrot, Etienne"]
[Result "1/2-1/2"]
[WhiteElo "2714"]
[BlackElo "2728"]
[Annotator "TA"]
[PlyCount "40"]
[EventDate "2017.??.??"]
[EventType "k.o."]
[EventCountry "GEO"]
[SourceTitle "playchess.com"]
[Source "ChessBase"]
[SourceQuality "1"]

{[%evp 26,40,0,6,14,0,0,10,24,0,0,0,0,0,18,0,0]} 1. Nf3 d5 2. d4 Nf6 3. c4 e6 4. Nc3 Be7 5. Bg5 h6 6. Bh4 O-O 7. e3 Ne4 8. Bxe7 Qxe7 9. Qc2 Nxc3 10. Qxc3 dxc4 11. Bxc4 b6 12. Be2 {D56: Queen's Gambit Declined: Lasker Defence} (12. O-O Bb7 13. Be2 Rc8 14. Rac1 c5 15. dxc5 {½-½ (15) Kunin,V (2551)-Fridman,D (2605) Llucmajor 2017}) 12... Bb7 13. b4 Rc8 14. O-O {LiveBook: 14 Games} a5 15. a3 c5 $146 ({Predecessor:} 15... axb4 16. axb4 Nc6 17. b5 Na5 18. Ne5 {1-0 (43) Saulyte,G (2012)-Kezele,T (2024) Budva 2003}) 16. dxc5 Nd7 17. Rfd1 axb4 {The position is equal.} 18. axb4 {aiming for Rxa8.} bxc5 19. Rxa8 Rxa8 20. bxc5 Qxc5 1/2-1/2